00379nam a2200157Ia 4500008004100000082002000041100002000061245002100081250000600102260002300108300000800131600002000139630002100159700002000180730002100200151018s9999 xx 000 0 und d bRBASDV6083a824 aK. E. Priestely aWorkers of china b1 bDragon booksc1993 a145 aK. E. Priestely aWorkers of china aK. E. Priestely aWorkers of china